Responses for show #3821 - Monday, March 26, 2001

Contestants

Alex Kania, an economic consultant from Westboro, Massachusetts

Diane Woodson, a safety & human resources assistant from Chevy Chase, Maryland

Jack Breschard, a high school teacher from Santa Monica, California (whose 1-day cash winnings total $4,990)

Jeopardy! Round responses

NAME THE COUNTRY
RADIO HISTORY
ODDS & ENDS
AT THE BOOKSTORE
BOYS
IN THE "HOOD"
    $100 1
Argentina

Alex
    $100 18
FCC (Federal Communications Commission)

Diane
    $100 19
Leftovers

Alex
    $100 16
Elvis Presley

Alex
    $100 11
Adam Sandler

Jack
    $100 3
Mister Rogers' Neighborhood

Diane
    $200 2
France

Diane
    $200 25
Jingles

Triple Stumper
    $200 20
Mish mash

Jack
    $200 17
Albert Einstein

Alex
    $200 12
Jim Morrison

Jack
    $200 4
Sainthood

Diane
    $300 8
Germany

Jack
    $300 26
Stereo

Jack
    $300 21
Goulash

Diane
    $300 22
Danielle Steel

Triple Stumper
    $300 13
Eight Is Enough

Triple Stumper
    $300 5
Robin Hood

Diane
    $400 9
Denmark

Diane
    $400 27
The Lone Ranger

Jack
    $400 29
Jumble

Alex
    $400 23
Benedict Arnold

Diane
    $400 14
(J: Who was Conan O'Brien?)
(D: Who was David Letterman?)

Craig Kilborn

JackDiane
Triple Stumper
    $400 6
Mount Hood

Diane
    $500 10
Brazil

Alex
    $1,000 28
Cuba

Jack
    $500 30
Conglomerate

Diane
    $500 24
Tom Wolfe

Jack
    $500 15
Phil Spector

Jack
    $500 7
Planned Parenthood

Alex

Scores at the first commercial break (after clue 15):

Jack Diane Alex
$700 $1,200 $1,100

Scores at the end of the Jeopardy! Round:

Jack Diane Alex
$3,100 $2,500 $1,900

Double Jeopardy! Round responses

THE TRUMAN SHOW
AT THE MOVIES
THEY'RE STILL MYTHING
20th CENTURY WOMEN
TOURIST TREATS
THERE'S "ANT"s IN MY CATEGORY!
    $200 26
"The Buck Stops Here"

Jack
    $200 1
The Rocky Horror Picture Show

Jack
    $200 6
Prometheus

Alex
    $200 16
Amelia Earhart

Alex
    $200 18
(J: What are raspberries?)

Strawberries

JackDiane
    $200 8
Antacid

Diane
    $400 27
Dumbo

Triple Stumper
    $400 2
Kiss

Jack
    $400 7
Daedalus

Diane
    $400 17
(J: Who is Minnie Mandela?)

Winnie Mandela

JackDiane
    $400 19
Dolce

Diane
    $400 9
Anthem

Diane
    $600 28
United Nations

Diane
    $600 3
Kim Basinger

Alex
    $600 13
(A: Who is Apollo?)

Orpheus

Alex
Triple Stumper
    $600 23
(minute to go...)

Greece

Diane
    $600 20
Spinach

Diane
    $600 10
Antelope

Alex
    $800 29
Fair Deal

Triple Stumper
    $800 4
Monty Python and the Holy Grail

Alex
    $1,000 14
Andromeda

Alex
    $1,500 24
(D: Who is Mother Teresa?)

Maria Montessori

Diane
    $800 21
Plum

Triple Stumper
    $800 11
an anteroom (or antechamber)

Alex
    $1000 30
Potsdam

Alex
    $1000 5
Mystery, Alaska

Triple Stumper
    $1000 15
Thisbe

Jack
    $1000 25
Diane Arbus

Triple Stumper
    $1000 22
Tapas

Alex
    $1000 12
Antebellum

Alex

Scores at the end of the Double Jeopardy! Round:

Jack Diane Alex
$4,300 $4,800 $8,500

[wagering suggestions for these scores]

Final Jeopardy! Round responses

NO. 1 SONGS
JackWhat is [illegible] White Christmas?
$4,210
DianeWhat is White Christmas?
$4,699
AlexWhat is Winter Wonderland?
$1,101
"White Christmas"

Final scores:

Jack Diane Alex
$8,510 $9,499 $7,399
2nd place: Trip to Grand Summit Resort, Attitash, New Hampshire New champion: $9,499 3rd place: Discovery Channel Store Gift Certificate

Game dynamics:

Coryat scores:

Jack Diane Alex
$3,800 $6,300 $8,300
13 R
(including 1 DD),
3 W
19 R,
2 W
(including 1 DD)
17 R
(including 1 DD),
1 W

Combined Coryat: $18,400

The J! Archive is created by fans, for fans. The Jeopardy! game show and all elements thereof, including but not limited to copyright and trademark thereto, are the property of Jeopardy Productions, Inc. and are protected under law. This website is not affiliated with, sponsored by, or operated by Jeopardy Productions, Inc. Join the discussion at JBoard.tv.